Most Obese Oceanian Countries - Statistics

General Stats
  • This quiz has been taken 20 times
  • The average score is 5 of 6
Answer Stats
% Country % Correct
48.2 Tonga
95%
61.0 Nauru
90%
47.3 Samoa
90%
51.6 Tuvalu
85%
52.9 Marshall Islands
80%
55.3 Palau
80%
No matching quizzes found
Score Distribution
Percent of People with Each Score
Percentile by Number Answered
Your Score History
You have not taken this quiz